00517 2200193 4500001002100000005001500021008004100036020001800077035002500095041000800120082000800128090000800136100001700144245006900161250001600230260003000246300003000276650001700306INLIS00000000000633520130515161736 ind  a979-534-220-7 a0010-051300000006335 aind a900 a900 aJane, Walker a100 Pengetahuan tentang Kesatria & Kastil/ penerjemah, Nur, Aini aCetakan : 1 aBandungbPakar Rayac2006 a48 hlm. : ilus. ;29.5 cm. aSejarah Umum